Význam zavedenia a stratégia budovania systému štátnej pokladnice v Slovenskej republike

Vznik a funkcie štátnej pokladnice. Úlohy a štruktúra štátnej pokladnice. Hlavné funkcie rozpočtového a finančného riadenia verejných financií. Prehľad o zabezpečovaní základných funkcií štátnej pokladnice vo svete.

Salvato in:
Dettagli Bibliografici
Autore principale: Beličková, Kornélia, 1966-
Altri autori: Neubauerová, Erika, 1968-
Natura: Capitolo di libro
Lingua:slovacco
Soggetti:
Tags: Aggiungi Tag
Nessun Tag, puoi essere il primo ad aggiungerne!!

MARC

LEADER 00000naa$a2200000$$$4500
001 0027401
005 20240502083123.0
041 0 |a slo 
044 |a CZ 
245 1 0 |a Význam zavedenia a stratégia budovania systému štátnej pokladnice v Slovenskej republike  |c Kornélia Beličková, Erika Neubauerová 
520 |a Vznik a funkcie štátnej pokladnice. Úlohy a štruktúra štátnej pokladnice. Hlavné funkcie rozpočtového a finančného riadenia verejných financií. Prehľad o zabezpečovaní základných funkcií štátnej pokladnice vo svete. 
610 2 0 |a pokladnica štátna 
610 2 0 |a Slovensko 
610 2 0 |a financie verejné 
610 2 0 |a rozpočet štátny 
610 2 0 |a politika rozpočtová 
610 2 0 |a riadenie 
610 2 0 |a krajiny vyspelé 
100 1 |a Beličková, Kornélia, 1966- 
700 1 |a Neubauerová, Erika, 1968-